000 00649nam a2200205 i 4500
001 182784
003 ES-MaACL
005 20251003063157.0
008 131031s1988 sp | |||| ||spa d
020 _a84-7522-231-5
080 _a821.134.2-14"19"
100 0 _aGallego, Vicente,
_d1963-
_953546
245 1 3 _aLa luz, de otra manera (1985-869) /
_cVicente Gallego.
260 _aMadrid :
_bVisor,
_c1988.
300 _a49 p. ;
_c20 cm.
490 1 _aColección Visor de poesía ;
_v231
830 0 _aColección Visor de poesía
_v231
_9177331
852 _aES-MaACL
_j2328-F-12
_z.- Donativo M. A. Velasco
999 _c182784
_d182784